[Event "NRW Class2 0405"]
[Site "Germany"]
[Date "2004.11.21"]
[Round "3.6"]
[White "Maniocha, Marek"]
[Black "Sandmann, Bernd"]
[Result "1/2-1/2"]
[WhiteElo "2055"]
[BlackElo "2215"]
[PlyCount "96"]
[EventDate "2004.10.10"]
[EventType "team-tourn"]
[EventRounds "9"]
[EventCountry "GER"]
[SourceTitle "EXT 2006"]
[Source "ChessBase"]
[SourceDate "2005.11.24"]
[SourceVersion "1"]
[SourceVersionDate "2005.11.24"]
[SourceQuality "1"]
[WhiteTeam "Plettenberg"]
[BlackTeam "Neuenkirchen"]
[WhiteTeamCountry "GER"]
[BlackTeamCountry "GER"]

1. d4 d5 2. c4 e6 3. Nc3 Bb4 4. e3 Nf6 5. Bd2 0-0 6. Nf3 c5 7. a3 Bxc3 8. Bxc3 Ne4 9. Bd3 Nxc3 10. bxc3 Nc6 11. 0-0 Qa5 12. Qc2 h6 13. Rfb1 a6 14. Nd2 Qc7 15. Qb3 dxc4 16. Qxc4 Na5 17. Qxc5 Qxc5 18. dxc5 Rd8 19. Nc4 Rxd3 20. Nxa5 Rd5 21. Nb3 Bd7 22. c4 Rd3 23. Na5 Rc8 24. Nxb7 Rc7 25. h3 Bc8 26. Nd6 Rxc5 27. Nxc8 Rxc8 28. Rc1 Rd2 29. Kf1 Kf8 30. Ke1 Rd6 31. Rc2 Rc5 32. Ke2 Ke7 33. Rd1 Rdc6 34. Rdc1 h5 35. Rc3 h4 36. f4 g5 37. Kf3 Rc8 38. R1c2 Rg8 39. Kf2 Rf5 40. c5 gxf4 41. exf4 Rxf4+ 42. Kg1 Rd8 43. Rc1 Kd7 44. Rd1+ Kc7 45. Rxd8 Kxd8 46. g3 hxg3 47. Kg2 Rf6 48. Kxg3 Kc7 1/2-1/2

[Event "Wuerttemberg-ch Seniors 16th"]
[Site "Freudenstadt"]
[Date "2004.05.10"]
[Round "9"]
[White "Sandmann, Bernd"]
[Black "Goy, Udo"]
[Result "1-0"]
[WhiteElo "2152"]
[BlackElo "2251"]
[PlyCount "79"]
[EventDate "2004.05.02"]
[EventType "swiss"]
[EventRounds "9"]
[EventCountry "GER"]
[SourceTitle "EXT 2006"]
[Source "ChessBase"]
[SourceDate "2005.11.24"]
[SourceVersion "1"]
[SourceVersionDate "2005.11.24"]
[SourceQuality "1"]

1. Nf3 d6 2. d4 g6 3. g3 Bg7 4. Bg2 Nf6 5. 0-0 0-0 6. Re1 Nbd7 7. c4 e5 8. Nc3 c6 9. b3 Re8 10. e4 Qc7 11. Bb2 a6 12. Rc1 exd4 13. Nxd4 Nc5 14. b4 Ne6 15. Nd5 Qd8 16. Nxe6 Bxe6 17. Nf4 Qb6 18. Nd3 Rad8 19. Qc2 Ng4 20. Bxg7 Kxg7 21. Qc3+ f6 22. h3 Ne5 23. c5 Qc7 24. cxd6 Qxd6 25. Nc5 Bc8 26. f4 Nf7 27. Rcd1 Qxd1 28. Rxd1 Rxd1+ 29. Kf2 Rdd8 30. g4 h6 31. Bf3 g5 32. e5 fxe5 33. f5 Rd4 34. Ne4 Nd6 35. Ng3 Rd8 36. Qc5 Re8 37. Ne2 Ne4+ 38. Bxe4 Rxe4 39. Qd6 Kf7 40. Qg6+ 1-0

[Event "Wuerttemberg-ch Seniors 16th"]
[Site "Freudenstadt"]
[Date "2004.05.05"]
[Round "4"]
[White "Leuschner, Guenter"]
[Black "Sandmann, Bernd"]
[Result "0-1"]
[WhiteElo "1898"]
[BlackElo "2152"]
[PlyCount "86"]
[EventDate "2004.05.02"]
[EventType "swiss"]
[EventRounds "9"]
[EventCountry "GER"]
[SourceTitle "EXT 2006"]
[Source "ChessBase"]
[SourceDate "2005.11.24"]
[SourceVersion "1"]
[SourceVersionDate "2005.11.24"]
[SourceQuality "1"]

1. d4 Nf6 2. Nf3 d6 3. e3 Bg4 4. Be2 Nbd7 5. c4 e5 6. Nc3 c6 7. 0-0 a6 8. b3 Be7 9. Bb2 0-0 10. Nh4 Bxe2 11. Qxe2 Re8 12. Rad1 Qc7 13. Nf5 Bf8 14. Rd2 g6 15. Ng3 b5 16. Rc1 Qb7 17. Qd3 h5 18. h3 Rad8 19. Rcd1 h4 20. Nge4 Nh5 21. Ne2 d5 22. cxd5 cxd5 23. N4c3 e4 24. Qb1 Bd6 25. Rc1 Nf8 26. Qc2 Ne6 27. Kf1 Bb8 28. Ng1 f5 29. Qd1 f4 30. Qg4 Qf7 31. Nd1 fxe3 32. Nxe3 Bf4 33. Re2 Ng3+ 34. fxg3 Bxe3+ 35. Ke1 Bxc1 36. Bxc1 Nxd4 37. Rf2 Nf5 38. gxh4 e3 39. Rf4 d4 40. h5 d3 41. Bb2 d2+ 42. Kd1 e2+ 43. Qxe2 Ne3+ 0-1

[Event "Wuerttemberg-ch Seniors 16th"]
[Site "Freudenstadt"]
[Date "2004.05.03"]
[Round "2"]
[White "Wittmann, Georg"]
[Black "Sandmann, Bernd"]
[Result "0-1"]
[WhiteElo "2024"]
[BlackElo "2152"]
[PlyCount "56"]
[EventDate "2004.05.02"]
[EventType "swiss"]
[EventRounds "9"]
[EventCountry "GER"]
[SourceTitle "EXT 2006"]
[Source "ChessBase"]
[SourceDate "2005.11.24"]
[SourceVersion "1"]
[SourceVersionDate "2005.11.24"]
[SourceQuality "1"]

1. c4 Nf6 2. Nc3 d5 3. cxd5 Nxd5 4. e4 Nb4 5. d4 Qxd4 6. Qxd4 Nc2+ 7. Kd1 Nxd4 8. Be3 Nbc6 9. Bb5 Bg4+ 10. f3 0-0-0 11. Bxc6 Nxc6+ 12. Kc2 Be6 13. a3 Na5 14. b4 Nc4 15. Bf4 g5 16. Bc1 Bg7 17. Nge2 Rd7 18. Rd1 Rxd1 19. Kxd1 Rd8+ 20. Kc2 h6 21. f4 Bg4 22. Ra2 f5 23. fxg5 hxg5 24. Bxg5 fxe4 25. Bxe7 Rd3 26. h3 Ne3+ 27. Kc1 Be6 28. Nxe4 Rd1# 0-1

[Event "Wuerttemberg-ch Seniors 16th"]
[Site "Freudenstadt"]
[Date "2004.05.02"]
[Round "1"]
[White "Sandmann, Bernd"]
[Black "Streicher, Werner"]
[Result "1-0"]
[WhiteElo "2152"]
[BlackElo "1682"]
[PlyCount "51"]
[EventDate "2004.05.02"]
[EventType "swiss"]
[EventRounds "9"]
[EventCountry "GER"]
[SourceTitle "EXT 2006"]
[Source "ChessBase"]
[SourceDate "2005.11.24"]
[SourceVersion "1"]
[SourceVersionDate "2005.11.24"]
[SourceQuality "1"]

1. f4 d5 2. Nf3 Nf6 3. e3 Bg4 4. b3 e6 5. Bb2 Nbd7 6. h3 Bxf3 7. Qxf3 Bd6 8. Nc3 c6 9. g4 e5 10. g5 Ng8 11. 0-0-0 Qc7 12. Ne2 f6 13. h4 0-0-0 14. Bh3 Ne7 15. Rdg1 Kb8 16. gxf6 gxf6 17. Rg7 f5 18. Rhg1 Rdf8 19. Qh5 h6 20. Rf7 Qd8 21. Rgg7 Rxf7 22. Qxf7 Rf8 23. Qh5 Rh8 24. Qf3 Qf8 25. Qg3 Kc7 26. fxe5 1-0

[Event "Muensterland Verbandsliga 0304"]
[Site "Germany"]
[Date "2004.01.10"]
[Round "5.3"]
[White "Darwisch, Mohamed"]
[Black "Sandmann, Bernd"]
[Result "0-1"]
[WhiteElo "1852"]
[BlackElo "2152"]
[PlyCount "68"]
[EventDate "2003.09.27"]
[EventType "team-tourn"]
[EventRounds "9"]
[EventCountry "GER"]
[SourceTitle "EXT 2005"]
[Source "ChessBase"]
[SourceDate "2004.11.15"]
[SourceVersion "1"]
[SourceVersionDate "2004.11.15"]
[SourceQuality "1"]
[WhiteTeam "Ahaus Wessum"]
[BlackTeam "Neuenkirchen"]
[WhiteTeamCountry "GER"]
[BlackTeamCountry "GER"]

1. e4 e5 2. Nf3 Nc6 3. Bc4 Nd4 4. c3 Nxf3+ 5. Qxf3 Qf6 6. Qxf6 Nxf6 7. d3 c6 8. Bg5 Be7 9. Bxf6 Bxf6 10. Nd2 0-0 11. Bb3 Rd8 12. Rd1 d5 13. h3 Be6 14. 0-0 Rd7 15. Rfe1 Rad8 16. Bc2 dxe4 17. Nxe4 Be7 18. Ng3 Bf6 19. Ne4 b6 20. c4 Be7 21. a3 f6 22. b4 Kf7 23. f3 f5 24. Nf2 Bf6 25. Ba4 Rc7 26. g4 g6 27. Kg2 Rd4 28. Bc2 b5 29. c5 Bd5 30. Rb1 Rf4 31. Bb3 Rd7 32. Kg3 Rxf3+ 33. Kg2 Rxd3+ 34. Bxd5+ R3xd5 0-1

[Event "Muensterland Verbandsliga 0203"]
[Site "Muensterland"]
[Date "2003.04.26"]
[Round "9.6"]
[White "Sandmann, Bernd"]
[Black "Wetter, Ralf"]
[Result "1-0"]
[WhiteElo "2152"]
[BlackElo "1980"]
[PlyCount "57"]
[EventDate "2002.09.21"]
[EventType "team-tourn"]
[EventRounds "9"]
[EventCountry "GER"]
[SourceTitle "EXT 2004"]
[Source "ChessBase"]
[SourceDate "2003.11.25"]
[SourceVersion "1"]
[SourceVersionDate "2003.11.25"]
[SourceQuality "1"]
[WhiteTeam "Neuenkirchen"]
[BlackTeam "Heiden"]
[WhiteTeamCountry "GER"]
[BlackTeamCountry "GER"]

1. e4 c5 2. b4 cxb4 3. Bb2 d5 4. exd5 Qxd5 5. d4 Bf5 6. c4 bxc3 7. Nxc3 Qd8 8. Nf3 e6 9. Bb5+ Nd7 10. Ne5 Ngf6 11. Qf3 Rb8 12. g4 Bg6 13. h4 Bb4 14. Nxd7 Nxd7 15. h5 0-0 16. hxg6 fxg6 17. Qe3 Nf6 18. 0-0-0 Rc8 19. Bc4 Kh8 20. Bxe6 Re8 21. d5 Qa5 22. Rh3 Qxa2 23. Rdh1 Rxc3+ 24. Bxc3 Ba3+ 25. Kd1 Qb1+ 26. Ke2 Qc2+ 27. Kf1 g5 28. Bxf6 gxf6 29. Rxh7+ 1-0

[Event "Muensterland Verbandsliga 0203"]
[Site "Muensterland"]
[Date "2003.03.29"]
[Round "8.6"]
[White "Haas, Kai Markus"]
[Black "Sandmann, Bernd"]
[Result "1/2-1/2"]
[WhiteElo "1887"]
[BlackElo "2152"]
[PlyCount "84"]
[EventDate "2002.09.21"]
[EventType "team-tourn"]
[EventRounds "9"]
[EventCountry "GER"]
[SourceTitle "EXT 2004"]
[Source "ChessBase"]
[SourceDate "2003.11.25"]
[SourceVersion "1"]
[SourceVersionDate "2003.11.25"]
[SourceQuality "1"]
[WhiteTeam "Telgte"]
[BlackTeam "Neuenkirchen"]
[WhiteTeamCountry "GER"]
[BlackTeamCountry "GER"]

1. e4 c6 2. d3 d5 3. Nd2 e5 4. g3 Nf6 5. Ngf3 Bd6 6. Bg2 0-0 7. 0-0 Nbd7 8. c3 b6 9. Re1 Ba6 10. Bf1 Qc7 11. Nh4 Rfe8 12. a4 dxe4 13. dxe4 Bxf1 14. Nxf1 Nc5 15. Qc2 a5 16. Nf5 Bf8 17. Bg5 Nfd7 18. Rad1 Ne6 19. Bc1 Rad8 20. f3 Ndc5 21. N1e3 g6 22. Nh4 Be7 23. Nc4 Bg5 24. Bxg5 Nxg5 25. Ne3 Nce6 26. Ng4 Kg7 27. Kg2 h5 28. Ne3 Nc5 29. Rxd8 Rxd8 30. Rd1 Rxd1 31. Qxd1 Qd7 32. Qxd7 Nxd7 33. b4 axb4 34. cxb4 Ne6 35. Kf2 Kf6 36. Nhg2 Ke7 37. Nc2 Nc7 38. Nge3 b5 39. axb5 cxb5 40. Ke2 Kd6 41. Kd3 Nb6 42. Na3 Kc6 1/2-1/2

[Event "Muensterland Verbandsliga 0203"]
[Site "Muensterland"]
[Date "2002.09.21"]
[Round "1.6"]
[White "Muth, Josef"]
[Black "Sandmann, Bernd"]
[Result "1-0"]
[WhiteElo "1978"]
[BlackElo "2152"]
[PlyCount "97"]
[EventDate "2002.09.21"]
[EventType "team-tourn"]
[EventRounds "9"]
[EventCountry "GER"]
[SourceTitle "EXT 2004"]
[Source "ChessBase"]
[SourceDate "2003.11.25"]
[SourceVersion "1"]
[SourceVersionDate "2003.11.25"]
[SourceQuality "1"]
[WhiteTeam "Westbevern"]
[BlackTeam "Neuenkirchen"]
[WhiteTeamCountry "GER"]
[BlackTeamCountry "GER"]

1. d4 c5 2. c3 e6 3. Nf3 Nf6 4. g3 Nc6 5. Bg2 d5 6. 0-0 Bd6 7. Nbd2 cxd4 8. cxd4 Qb6 9. e3 Bd7 10. a3 Rc8 11. b4 a5 12. bxa5 Nxa5 13. Rb1 Qa7 14. Ne5 Bxe5 15. dxe5 Ng8 16. Qg4 g6 17. h4 Nc4 18. Nxc4 Rxc4 19. Qe2 Bc6 20. e4 Rxe4 21. Bxe4 dxe4 22. Be3 Qa5 23. Rfd1 Bd5 24. Bb6 Qa4 25. Rb4 Qd7 26. Rc1 Kf8 27. Rc7 Qe8 28. Rxe4 h5 29. Rf4 Nh6 30. Qc2 Kg7 31. a4 Nf5 32. Qd2 Bc6 33. a5 Rh6 34. Qc3 Bd5 35. Qc5 Rh8 36. Rb4 Qa8 37. Kh2 Qa6 38. Qb5 Qxb5 39. Rxb5 Nh6 40. Be3 Ng4+ 41. Kg1 Bf3 42. Bg5 Ra8 43. Rbc5 Ra6 44. Bd2 Ra8 45. Rc8 Ra6 46. R5c7 Bc6 47. Bc3 Bf3 48. Rd8 Bc6 49. Rcc8 1-0

[Event "Wuerttemberg-ch Seniors 13th"]
[Site "Ellwangen"]
[Date "2001.??.??"]
[Round "8"]
[White "Buerger, Helmut"]
[Black "Sandmann, Bernd"]
[Result "0-1"]
[WhiteElo "1680"]
[BlackElo "2112"]
[PlyCount "68"]
[EventDate "2001.04.??"]
[EventType "swiss"]
[EventRounds "9"]
[EventCountry "GER"]
[SourceTitle "EXT 2006"]
[Source "ChessBase"]
[SourceDate "2005.11.24"]
[SourceVersion "1"]
[SourceVersionDate "2005.11.24"]
[SourceQuality "1"]

1. d4 Nf6 2. c4 e5 3. dxe5 Ng4 4. Nf3 Bc5 5. e3 Nc6 6. e6 fxe6 7. h3 Nf6 8. Nc3 0-0 9. Bd3 d5 10. 0-0 Qe7 11. a3 dxc4 12. Bxc4 a6 13. Qc2 Kh8 14. b4 Bd6 15. Bb2 e5 16. Nd5 Qe8 17. Rae1 Qh5 18. Nxf6 Rxf6 19. Be2 Bxh3 20. gxh3 Rg6+ 21. Qxg6 Qxg6+ 22. Kh1 Rf8 23. Ng1 Qe4+ 24. Kh2 Qc2 25. Bc1 e4+ 26. Kh1 Ne5 27. Kg2 Rf6 28. Bh5 Nd3 29. Re2 Qc3 30. f4 exf3+ 31. Rxf3 Nxc1 32. e4 Rxf3 33. Bxf3 Nxe2 34. Nxe2 Qe3 0-1

[Event "Wuerttemberg-ch Seniors 13th"]
[Site "Ellwangen"]
[Date "2001.??.??"]
[Round "1"]
[White "Voigt, Udo"]
[Black "Sandmann, Bernd"]
[Result "1/2-1/2"]
[WhiteElo "1670"]
[BlackElo "2112"]
[PlyCount "87"]
[EventDate "2001.04.??"]
[EventType "swiss"]
[EventRounds "9"]
[EventCountry "GER"]
[SourceTitle "EXT 2006"]
[Source "ChessBase"]
[SourceDate "2005.11.24"]
[SourceVersion "1"]
[SourceVersionDate "2005.11.24"]
[SourceQuality "1"]

1. d4 Nf6 2. c4 e5 3. dxe5 Ng4 4. Nf3 Bc5 5. e3 Nc6 6. Bd2 0-0 7. a3 a5 8. Be2 Re8 9. h3 Ngxe5 10. Nc3 Nxf3+ 11. Bxf3 Ne5 12. Be2 Ra6 13. Nd5 a4 14. Qc2 d6 15. Bc3 Be6 16. Bxe5 dxe5 17. 0-0-0 Qc8 18. Nc3 Bd7 19. Bd3 f5 20. g4 e4 21. Be2 Be7 22. Nd5 Bd6 23. Nc3 Ra5 24. Rd2 Bc6 25. Rhd1 f4 26. Nb5 Bxb5 27. cxb5 b6 28. Rd4 fxe3 29. fxe3 Be5 30. Qc4+ Kh8 31. Rd7 c6 32. Qf7 Rg8 33. Rc7 Qf8 34. Qxf8 Bxb2+ 35. Kc2 Rxf8 36. Rxc6 h5 37. Rd5 hxg4 38. hxg4 Rf2 39. Kd1 Rh2 40. Rh5+ Rxh5 41. gxh5 Ra8 42. Bg4 Rd8+ 43. Ke2 Bd4 44. Rc4 1/2-1/2

[Event "Oberliga NRW 9900 I"]
[Site "Germany"]
[Date "2000.02.09"]
[Round "5.6"]
[White "Vetter, Herbert"]
[Black "Sandmann, Bernd"]
[Result "1-0"]
[WhiteElo "2220"]
[BlackElo "2154"]
[PlyCount "97"]
[EventDate "1999.10.26"]
[EventType "team"]
[EventRounds "9"]
[EventCountry "GER"]
[SourceTitle "EXT 2001"]
[Source "ChessBase"]
[SourceDate "2000.11.22"]
[SourceVersion "1"]
[SourceVersionDate "2000.11.22"]
[SourceQuality "1"]
[WhiteTeam "Monheim"]
[BlackTeam "Neuenkirchen"]
[WhiteTeamCountry "GER"]
[BlackTeamCountry "GER"]

1. e4 e6 2. d4 d5 3. Nc3 dxe4 4. Nxe4 Bd7 5. c4 Bc6 6. Nc3 Nf6 7. Be3 Be7 8. Nf3 Bxf3 9. Qxf3 c6 10. Bd3 Nbd7 11. 0-0 0-0 12. Rad1 Re8 13. Bb1 Qa5 14. d5 exd5 15. cxd5 Bb4 16. dxc6 Ne5 17. Qf5 bxc6 18. Ne4 Neg4 19. Nxf6+ Nxf6 20. Qc2 Re6 21. Bd4 Qh5 22. Qf5 g6 23. Qxh5 Nxh5 24. a3 Ba5 25. g3 Bb6 26. Bc3 Rd8 27. Ba2 Red6 28. Rxd6 Rxd6 29. Re1 Kf8 30. Bb4 c5 31. Bc3 Ng7 32. Re5 f6 33. Rd5 Rxd5 34. Bxd5 Ke7 35. f3 Ne6 36. Bc4 Bc7 37. Kf2 Nd4 38. Ke3 Be5 39. Ke4 Kd6 40. f4 f5+ 41. Kd3 Bg7 42. Bg8 h6 43. Kc4 g5 44. b4 cxb4 45. Bxb4+ Kd7 46. Bc3 gxf4 47. gxf4 Nf3 48. Bxg7 h5 49. Kd5 1-0

[Event "Wuerttemberg-ch Seniors 12th"]
[Site "Ellwangen"]
[Date "2000.??.??"]
[Round "1"]
[White "Ganslmayer, Herbert"]
[Black "Sandmann, Bernd"]
[Result "0-1"]
[WhiteElo "1755"]
[BlackElo "2189"]
[PlyCount "128"]
[EventDate "2000.04.??"]
[EventType "swiss"]
[EventRounds "9"]
[EventCountry "GER"]
[SourceTitle "EXT 2006"]
[Source "ChessBase"]
[SourceDate "2005.11.24"]
[SourceVersion "1"]
[SourceVersionDate "2005.11.24"]
[SourceQuality "1"]

1. d4 Nf6 2. e3 e6 3. f4 b6 4. Bd3 Bb7 5. Nf3 c5 6. 0-0 Be7 7. Qe1 Nc6 8. c3 Qc7 9. Ne5 d6 10. Nxc6 Qxc6 11. Qe2 a6 12. Nd2 b5 13. e4 Qb6 14. Nf3 d5 15. e5 Ne4 16. Be3 Rc8 17. Rac1 0-0 18. Kh1 f5 19. exf6 gxf6 20. f5 Rf7 21. dxc5 Bxc5 22. fxe6 Qxe6 23. Bxc5 Nxc5 24. Qxe6 Nxe6 25. Bf5 Re8 26. Rce1 Rfe7 27. Kg1 Ng7 28. Rxe7 Rxe7 29. Nd4 Nxf5 30. Rxf5 Kf7 31. Kf2 Re5 32. Rf4 Bc8 33. Nf3 Re7 34. Nd4 Kg6 35. Rf3 Re4 36. Rg3+ Kf7 37. h3 b4 38. Nb3 Rc4 39. Rd3 Be6 40. cxb4 Rxb4 41. Rd4 Rb6 42. Ke3 Rc6 43. Kd2 Ke7 44. Ra4 Rb6 45. Ra5 Kd6 46. Ke3 Ke5 47. Nc1 Bf5 48. g4 Be4 49. b3 Rc6 50. Nd3+ Bxd3 51. Kxd3 Rc1 52. h4 Rg1 53. Rxa6 Rxg4 54. Ra4 Rxa4 55. bxa4 f5 56. a5 Kd6 57. Kd4 f4 58. a6 Kc6 59. a4 Kb6 60. Kd3 Kxa6 61. Ke2 d4 62. Kd3 f3 63. Kd2 Ka5 64. Ke1 d3 0-1

[Event "Wuerttemberg-ch Seniors 12th"]
[Site "Ellwangen"]
[Date "2000.??.??"]
[Round "7"]
[White "Sandmann, Bernd"]
[Black "Boeven, Manfred"]
[Result "0-1"]
[WhiteElo "2189"]
[BlackElo "2095"]
[PlyCount "68"]
[EventDate "2000.04.??"]
[EventType "swiss"]
[EventRounds "9"]
[EventCountry "GER"]
[SourceTitle "EXT 2006"]
[Source "ChessBase"]
[SourceDate "2005.11.24"]
[SourceVersion "1"]
[SourceVersionDate "2005.11.24"]
[SourceQuality "1"]

1. Nf3 d5 2. c4 dxc4 3. e3 c5 4. Bxc4 e6 5. 0-0 Nc6 6. d4 Nf6 7. Nc3 Be7 8. Qe2 a6 9. Rd1 Qc7 10. e4 cxd4 11. Nxd4 Nxd4 12. Rxd4 0-0 13. Bg5 Qe5 14. Qd2 Bc5 15. Rd8 Bxf2+ 16. Kh1 Bc5 17. Bf4 Qh5 18. Be2 Qg6 19. Bf3 e5 20. Rxf8+ Bxf8 21. Bxe5 Bg4 22. Rd1 Bxf3 23. gxf3 Re8 24. Bg3 Nh5 25. Bh4 Qe6 26. Qd7 Nf4 27. Qd2 Ng6 28. Bg3 Qf6 29. Qe2 Nf4 30. Qe3 Nh5 31. f4 Nxg3+ 32. hxg3 Qg6 33. e5 Bb4 34. Ne4 Qh5+ 0-1

[Event "Bayern-ch Seniors 12th"]
[Site "Schloss Schney"]
[Date "2000.??.??"]
[Round "6"]
[White "Sandmann, Bernd"]
[Black "Braeu, Ludwig"]
[Result "1-0"]
[WhiteElo "2140"]
[BlackElo "1680"]
[PlyCount "63"]
[EventDate "2000.11.02"]
[EventType "swiss"]
[EventRounds "9"]
[EventCountry "GER"]
[SourceTitle "EXT 2002"]
[Source "ChessBase"]
[SourceDate "2001.11.25"]
[SourceVersion "1"]
[SourceVersionDate "2001.11.25"]
[SourceQuality "1"]

1. e4 c5 2. c3 e6 3. d4 d5 4. exd5 exd5 5. Be3 cxd4 6. cxd4 Nf6 7. Nc3 Be7 8. Bd3 Nc6 9. h3 0-0 10. Nf3 Re8 11. 0-0 h6 12. Ne5 Bd6 13. f4 Nb4 14. Bb1 Ne4 15. a3 Nxc3 16. bxc3 Nc6 17. Qd3 Qf6 18. g4 g6 19. Ra2 Bf8 20. Raf2 Qd6 21. h4 Bg7 22. h5 gxh5 23. Qh7+ Kf8 24. gxh5 Bh3 25. Re1 Rad8 26. Rf3 Bc8 27. Rg3 Qf6 28. a4 Ne7 29. Bc1 Bf5 30. Bxf5 Nxf5 31. Ba3+ Rd6 32. Nd7# 1-0

[Event "Wuerttemberg-ch Seniors 12th"]
[Site "Ellwangen"]
[Date "2000.??.??"]
[Round "5"]
[White "Sandmann, Bernd"]
[Black "Kunath, Werner"]
[Result "1-0"]
[WhiteElo "2189"]
[BlackElo "1990"]
[PlyCount "59"]
[EventDate "2000.04.??"]
[EventType "swiss"]
[EventRounds "9"]
[EventCountry "GER"]
[SourceTitle "EXT 2006"]
[Source "ChessBase"]
[SourceDate "2005.11.24"]
[SourceVersion "1"]
[SourceVersionDate "2005.11.24"]
[SourceQuality "1"]

1. e4 c5 2. c3 Nf6 3. e5 Nd5 4. d4 cxd4 5. cxd4 Nc6 6. Nc3 Nxc3 7. bxc3 d5 8. Bd3 g6 9. f4 Bg7 10. Nf3 0-0 11. 0-0 Rb8 12. a4 Na5 13. Ba3 Re8 14. Rb1 Bd7 15. Nd2 Qc7 16. Qc2 Rbc8 17. Rf3 Qxc3 18. Qxc3 Rxc3 19. Bb4 Rxd3 20. Rxd3 Nc6 21. Rc3 Nxd4 22. Rc7 Bf5 23. Rf1 Bd3 24. Rf2 Ba6 25. Bxe7 Nc6 26. Bd6 h5 27. Nb3 f6 28. Nc5 fxe5 29. f5 Rd8 30. Rxg7+ 1-0

[Event "Wuerttemberg-ch Seniors 12th"]
[Site "Ellwangen"]
[Date "2000.??.??"]
[Round "3"]
[White "Sandmann, Bernd"]
[Black "Kunze, Manfred"]
[Result "1-0"]
[WhiteElo "2189"]
[BlackElo "1900"]
[PlyCount "45"]
[EventDate "2000.04.??"]
[EventType "swiss"]
[EventRounds "9"]
[EventCountry "GER"]
[SourceTitle "EXT 2006"]
[Source "ChessBase"]
[SourceDate "2005.11.24"]
[SourceVersion "1"]
[SourceVersionDate "2005.11.24"]
[SourceQuality "1"]

1. e4 e5 2. Bc4 Nf6 3. d3 d5 4. exd5 Bg4 5. f3 Bh5 6. Nc3 Bb4 7. Bg5 0-0 8. Nge2 Nbd7 9. 0-0 Be7 10. Ng3 Bg6 11. f4 exf4 12. Bxf4 Nb6 13. Qf3 Nxc4 14. dxc4 Bxc2 15. Rac1 Bg6 16. Rfe1 Qd7 17. Kh1 Rac8 18. a3 h5 19. Bg5 h4 20. Bxh4 Nxd5 21. Bxe7 Nxe7 22. Rcd1 Qe8 23. Nd5 1-0

[Event "Oberliga NRW 9899 II"]
[Site "Germany"]
[Date "1999.01.20"]
[Round "5.6"]
[White "Steinkuehler, Guenter"]
[Black "Sandmann, Bernd"]
[Result "1/2-1/2"]
[WhiteElo "2048"]
[BlackElo "2154"]
[PlyCount "81"]
[EventDate "1998.10.10"]
[EventType "team-tourn"]
[EventRounds "9"]
[EventCountry "GER"]
[SourceTitle "EXT 2000"]
[Source "ChessBase"]
[SourceDate "1999.11.16"]
[SourceVersion "1"]
[SourceVersionDate "1999.11.16"]
[SourceQuality "1"]
[WhiteTeam "Derendorf"]
[BlackTeam "Neuenkirchen"]
[WhiteTeamCountry "GER"]
[BlackTeamCountry "GER"]

1. d4 c5 2. d5 e6 3. c4 exd5 4. cxd5 d6 5. e4 g6 6. Nc3 Bg7 7. Nf3 Ne7 8. Qa4+ Kf8 9. Qb3 a6 10. a4 Nd7 11. Be2 h6 12. 0-0 g5 13. Nd2 Ne5 14. Re1 N7g6 15. g3 h5 16. Nf1 Qf6 17. Nd1 Rb8 18. Ra3 b5 19. axb5 axb5 20. f3 b4 21. Nd2 h4 22. g4 Nf4 23. Ra1 Ned3 24. e5 Nxe2+ 25. Rxe2 Nxe5 26. Nf2 Bd7 27. Nfe4 Qe7 28. Ra7 Nxg4 29. fxg4 Bd4+ 30. Kh1 c4 31. Rxd7 Qxd7 32. Qf3 c3 33. Nb3 Be5 34. Nxg5 Rg8 35. Nc5 Qa7 36. b3 Rg6 37. Rf2 dxc5 38. Qf5 Rxg5 39. Qxg5 Bg7 40. Be3 Kg8 41. Bxc5 1/2-1/2